Rules of conduct for members (Record no. 115439)
[ view plain ]
| 000 -LEADER | |
|---|---|
| fixed length control field | 01331cad a22002175a 4500 |
| 001 - CONTROL NUMBER | |
| control field | L158660 |
| 008 - FIXED-LENGTH DATA ELEMENTS--GENERAL INFORMATION | |
| fixed length control field | 070517e20130508xxk f 000 0 eng d |
| 035 ## - SYSTEM CONTROL NUMBER | |
| System control number | (Sirsi) u158660 |
| 041 0# - LANGUAGE CODE | |
| Language code of text/sound track or separate title | eng |
| 110 2# - MAIN ENTRY--CORPORATE NAME | |
| Corporate name or jurisdiction name as entry element | Royal Institution of Chartered Surveyors |
| 9 (RLIN) | 4900 |
| 245 00 - TITLE STATEMENT | |
| Title | Rules of conduct for members |
| Medium | [old edition] |
| 260 ## - PUBLICATION, DISTRIBUTION, ETC. | |
| Place of publication, distribution, etc. | London |
| Name of publisher, distributor, etc. | RICS |
| Date of publication, distribution, etc. | 2013 |
| 490 #0 - SERIES STATEMENT | |
| Series statement | RICS Rules of Conduct |
| 520 ## - SUMMARY, ETC. | |
| Summary, etc. | Effective from 1 January 2013 (4 June 2007 version 6). These Rules of Conduct for Members of RICS are made by the Regulatory Board of the RICS under Article 18 of the Supplemental Charter 1973 and Bye-Law 5 of RICS Bye-Laws. Version 4 of these rules shall apply from 1 January 2011. Covers matters which members are personally responsible for within their professional lives. Applies equally to all members throughout the world. Aims to encompass RICS' regulatory goals: proportionality, accountability, consistency, targeting and transparency. |
| 650 24 - SUBJECT ADDED ENTRY--TOPICAL TERM | |
| Topical term or geographic name entry element | RICS MEMBERSHIP |
| 650 24 - SUBJECT ADDED ENTRY--TOPICAL TERM | |
| Topical term or geographic name entry element | RICS RULES OF CONDUCT |
| 651 #4 - SUBJECT ADDED ENTRY--GEOGRAPHIC NAME | |
| Geographic name | International |
| 690 ## - LOCAL SUBJECT ADDED ENTRY--TOPICAL TERM (OCLC, RLIN) | |
| Topical term or geographic name as entry element | ABOUT RICS-RICS PROFESSIONAL REGULATION AND CONSUMER PROTECTION-RICS RULES OF CONDUCT |
| 856 48 - ELECTRONIC LOCATION AND ACCESS | |
| Uniform Resource Identifier | <a href="https://www.rics.org/profession-standards/knowledge-and-information-services/document-delivery-and-other-kis-fees">https://www.rics.org/profession-standards/knowledge-and-information-services/document-delivery-and-other-kis-fees</a> |
| Public note | email [email protected] for a copy |
| 942 ## - ADDED ENTRY ELEMENTS (KOHA) | |
| Suppress in OPAC | 0 |
| Source of classification or shelving scheme | Dewey Decimal Classification |
| Withdrawn status | Lost status | Source of classification or shelving scheme | Damaged status | Not for loan | Home library | Current library | Shelving location | Date acquired | Total Checkouts | Full call number | Date last seen | Copy number | Price effective from | Koha item type | Public note | Barcode |
|---|---|---|---|---|---|---|---|---|---|---|---|---|---|---|---|---|
| Dewey Decimal Classification | London | London | RICS Boxes | 27/07/2017 | RICS 2013/27 | 06/08/2019 | 1 | 06/08/2019 | Archive | 30078426 | ||||||
| Dewey Decimal Classification | London | London | RICS Boxes | 27/07/2017 | RICS 2013/27 | 06/08/2019 | 2 | 06/08/2019 | Reference material | 30078427 | ||||||
| Dewey Decimal Classification | Virtual | Virtual | Online | 28/05/2015 | SCAN | 08/03/2024 | 3 | 06/08/2019 | Online material | Please contact [email protected] to request a digital copy |